Central Library OPAC University of Rajshahi

দেশদ্রোহী হতে ইচ্ছে করে / (Record no. 64894)

MARC details
000 -LEADER
fixed length control field 00799nam a2200229 a 4500
001 - CONTROL NUMBER
control field 64894
003 - CONTROL NUMBER IDENTIFIER
rucl marc code BD-RjUL
005 - DATE AND TIME OF LATEST TRANSACTION
control field 20211209081351.0
008 - FIXED-LENGTH DATA ELEMENTS--GENERAL INFORMATION
fixed length control field 170223s1986 bg |||| |||| 000 0 ben d
020 ## - INTERNATIONAL STANDARD BOOK NUMBER
Terms of availability : Tk. 25.00
035 ## - SYSTEM CONTROL NUMBER
System control number (BD-RjUL)65024
040 ## - CATALOGING SOURCE
Original cataloging agency BD-RjUL
Language of cataloging ben
Transcribing agency BD-RjUL
Modifying agency BD-RjUL
041 ## - LANGUAGE CODE
Language code of text/sound track or separate title ben
082 ## - DEWEY DECIMAL CLASSIFICATION NUMBER
Edition number 23
Classification number 981.441
Author mark and year RAD 1986
100 1# - MAIN ENTRY--PERSONAL NAME
Personal name রাহমান, শামসুর
9 (RLIN) 186143
245 1# - TITLE STATEMENT
Title দেশদ্রোহী হতে ইচ্ছে করে /
Statement of responsibility, etc. রাহমান, শামসুর
260 ## - PUBLICATION, DISTRIBUTION, ETC. (IMPRINT)
Place of publication, distribution, etc. ঢাকা :
Name of publisher, distributor, etc. বিউটি বুক হাউস ;
Date of publication, distribution, etc. ১৯৮৬ [১৩৯২]
300 ## - PHYSICAL DESCRIPTION
Pagination ৬৪ পৃ. :
Size ১৯ সেমি.
650 ## - SUBJECT ADDED ENTRY--TOPICAL TERM
Topical term or geographic name as entry element বাংলাকবিতা
9 (RLIN) 171326
Topical term or geographic name as entry element Bengali Poetry
9 (RLIN) 179514
942 ## - ADDED ENTRY ELEMENTS (KOHA)
Source of classification or shelving scheme Dewey Decimal Classification
Koha item type Books
Holdings
Lost status Source of classification or shelving scheme Damaged status Not for loan Collection code Permanent Location Current Location Shelving location Date acquired Source of acquisition Cost, normal purchase price Total Checkouts Full call number Date last seen Copy number Koha item type
  Dewey Decimal Classification   Not For Loan Non-fiction Central Library, University of Rajshahi Central Library, University of Rajshahi Reading Room 18/06/1990 Shawkat Osman, Dhaka 25.00   B 981.441 RAD 1986 23/02/2017 C-1 Books